[Event "7th United Insurance"]
[Site "Dhaka BAN"]
[Date "2004.05.09"]
[Round "3"]
[White "Mohammad,J"]
[Black "Chatterjee,D"]
[Result "0-1"]
[WhiteElo "2149"]
[BlackElo "2229"]

1.e4 c5 2.Nf3 d6 3.d4 cxd4 4.Nxd4 Nf6 5.Nc3 a6 6.Be3 Ng4 7.Bg5 h6 8.Bh4 g5
9.Bg3 Bg7 10.Be2 h5 11.Bxg4 Bxg4 12.f3 Bd7 13.Qd2 Nc6 14.Bf2 e6 15.O-O O-O
16.Nxc6 Bxc6 17.Be3 Bxc3 18.bxc3 f6 19.Rad1 d5 20.e5 fxe5 21.Bxg5 Qe8 22.Rde1 Rf5
23.g4 hxg4 24.fxg4 Rxf1+ 25.Rxf1 Qg6 26.Qe3 Qe4 27.Qxe4 dxe4 28.Bf6 e3 29.Re1 Bf3
30.Rxe3 Bxg4 31.Rg3 Kf7 32.Bxe5 Rg8 33.Kf2 Bf5 34.Rf3 Ke7 35.Rf4 Rg4 36.Rf3 Bxc2
37.h3 Ra4 38.Rg3 Rxa2 39.Rg7+ Kf8 40.Ke3 Ra5 41.Rg5 Bf5 42.Bd6+ Kf7 43.h4 Rd5
44.Bg3 Rd3+ 45.Kf2 Rxc3 46.h5 Rc8 47.Be5 Rg8 48.Rxg8 Kxg8 49.Kg3 a5 50.Kf4 b5
51.Bc7 a4 52.Bd6 Kf7 53.Kg5 Bc2 54.h6 e5 55.Bxe5 Ke6 56.Bg7 b4 57.Kf4 Kd5
58.Ke3 Kc4 59.Kd2 Bh7 60.Kc1 Kb3 61.Bf6 Ka2 62.Be7 b3 63.Bf6 a3  0-1

[Event "ch-UKR Women"]
[Site "ALushta UKR"]
[Date "2004.05.10"]
[Round "7"]
[White "Breslavska,G"]
[Black "Chulivska,V"]
[Result "0-1"]
[WhiteElo "2132"]
[BlackElo "2235"]

1.e4 c5 2.Nf3 d6 3.d4 cxd4 4.Nxd4 Nf6 5.Nc3 a6 6.Be3 Nc6 7.f3 e6 8.Qd2 Be7
9.O-O-O O-O 10.g4 Nxd4 11.Bxd4 Nd7 12.h4 b5 13.Qf2 Qc7 14.Kb1 b4 15.Ne2 a5
16.g5 a4 17.Bh3 b3 18.cxb3 axb3 19.axb3 Nc5 20.Bxc5 dxc5 21.Nc3 Ba6 22.Bf1 Rfb8
23.Bxa6 Rxa6 24.Qe2 Rab6 25.Rd2 Rxb3 26.Kc1 Bd6 27.Rc2 Qa5 28.e5 Rxc3 29.bxc3 Qa1+
30.Kd2 Qxh1 31.exd6 Qxh4 32.d7 Qxg5+ 33.Qe3 Qd5+ 34.Qd3 Kf8 35.Qxd5 exd5
36.Ra2 Ke7 37.Ra7 Rd8 38.Ra5 Kd6 39.Ra6+ Kxd7 40.Ra7+ Ke6 41.Rc7 c4  0-1

[Event "ch-UKR Women"]
[Site "ALushta UKR"]
[Date "2004.05.10"]
[Round "7"]
[White "Dolzhikova,K"]
[Black "Gritsayeva,O"]
[Result "1/2-1/2"]
[WhiteElo "2129"]
[BlackElo "2298"]

1.e4 c5 2.Nf3 d6 3.d4 cxd4 4.Nxd4 Nf6 5.Nc3 a6 6.Be3 e5 7.Nb3 Be7 8.f3 Qc7
9.Qd2 Be6 10.g4 Nbd7 11.O-O-O b5 12.Kb1 Nb6 13.Qf2 Nfd7 14.Nd5 Bxd5 15.exd5 Nc4
16.Bd3 a5 17.Nd2 a4 18.Bxc4 bxc4 19.Ne4 Rb8 20.Bd2 O-O 21.Bc3 Rb5 22.f4 f5
23.gxf5 Rxf5 24.Rhg1 Bf6 25.Rg4 exf4 26.Bxf6 Nxf6 27.Nxf6+ Rxf6 28.Rxf4 c3
29.b3 axb3 30.axb3 Rxb3+ 31.cxb3 Rxf4 32.Qxf4 c2+ 33.Kc1 cxd1=Q+ 34.Kxd1 Qb6
35.b4 Qg1+ 36.Kc2 Qg2+ 37.Kb3 Qh3+ 38.Kc4 Qc8+  1/2-1/2

[Event "7th United Insurance"]
[Site "Dhaka BAN"]
[Date "2004.05.10"]
[Round "4"]
[White "Das,A"]
[Black "Ahmed,SN"]
[Result "1-0"]
[WhiteElo "2350"]
[BlackElo "2297"]

1.e4 c5 2.Nf3 d6 3.d4 cxd4 4.Nxd4 Nf6 5.Nc3 a6 6.Be3 e6 7.Be2 Be7 8.O-O O-O
9.f4 Qc7 10.g4 b5 11.g5 Nfd7 12.a3 Re8 13.f5 Bf8 14.Nxe6 fxe6 15.Bh5 g6 16.fxg6 hxg6
17.Bxg6 Re7 18.Qh5  1-0

[Event "7th United Insurance"]
[Site "Dhaka BAN"]
[Date "2004.05.10"]
[Round "5"]
[White "Ali,MdI"]
[Black "Grower,S"]
[Result "1-0"]
[WhiteElo "2126"]
[BlackElo "1957"]

1.e4 c5 2.Nf3 d6 3.d4 cxd4 4.Nxd4 Nf6 5.Nc3 a6 6.Be3 e5 7.Nb3 Be6 8.f3 Be7
9.Qd2 d5 10.exd5 Nxd5 11.Nxd5 Qxd5 12.O-O-O Qxd2+ 13.Rxd2 Nd7 14.Be2 O-O
15.Rhd1 Rfd8 16.Kb1 Rac8 17.Na5 Rb8 18.c3 Nc5 19.Rxd8+ Bxd8 20.Bxc5 Bxa5
21.Bd6 Bf5+ 22.Bd3 Bxd3+ 23.Rxd3 Rd8 24.Kc2 f6 25.b4 Bb6 26.c4 Kf7 27.c5 Ba7
28.a4 Ke6 29.Kc3 b6 30.Kc4 Rc8 31.Re3 Rc6 32.Re2 g5 33.g3 Rc8 34.f4 h6 35.f5+ Kxf5
36.Kd5 Bb8 37.Rf2+ Kg6 38.Bxb8 Rxb8 39.c6 Kf7 40.c7  1-0

[Event "7th United Insurance"]
[Site "Dhaka BAN"]
[Date "2004.05.11"]
[Round "6"]
[White "Das,A"]
[Black "Suvrajit,S"]
[Result "0-1"]
[WhiteElo "2350"]
[BlackElo "2301"]

1.e4 c5 2.Nf3 d6 3.d4 cxd4 4.Nxd4 Nf6 5.Nc3 a6 6.Be3 e5 7.Nf3 Qc7 8.a4 Be6
9.a5 Nbd7 10.Be2 Qc6 11.Ng5 Bc4 12.Bxc4 Qxc4 13.Ra4 Qc6 14.Qd3 Be7 15.Nf3 Qc7
16.h3 O-O 17.O-O Rfc8 18.Nd2 Nc5 19.Bxc5 dxc5 20.Nc4 Rd8 21.Qe3 Rd4 22.b3 Re8
23.Rfa1 Bd8 24.Nb6 Qc6 25.Nc4 Nxe4 26.Ne2 Rd7 27.f3 Nd6 28.Nxd6 Rxd6 29.Rc4 Be7
30.Re1 Rdd8 31.Nc3 f5 32.Na4 Qg6 33.Nxc5 Bg5 34.Qf2 Bf4 35.g4 fxg4 36.hxg4 h5
37.Nd3 hxg4 38.fxg4 Rxd3 39.cxd3 Rf8 40.Qe2 Qh6 41.Rc2 Qh4 42.Rf1 Qg3+ 43.Qg2 Be3+
44.Rcf2 Qh4 45.g5 Rf4 46.Qd5+ Kh8  0-1

[Event "7th United Insurance"]
[Site "Dhaka BAN"]
[Date "2004.05.12"]
[Round "7"]
[White "Hossain,Enam"]
[Black "Das,A"]
[Result "1/2-1/2"]
[WhiteElo "2436"]
[BlackElo "2350"]

1.e4 c5 2.Nf3 d6 3.d4 cxd4 4.Nxd4 Nf6 5.Nc3 a6 6.Be3 e5 7.Nb3 Be6 8.f3 Nbd7
9.Qd2 h5 10.Nd5 Nxd5 11.exd5 Bf5 12.Be2 Be7 13.O-O Bg6 14.c4 O-O 15.Na5 Qc8
16.b4 Bd8 17.Nb3 b6 18.Rac1 a5 19.bxa5 bxa5 20.c5 a4 21.cxd6 Qb8 22.Nc5 Ba5
23.Qd1 Nxc5 24.Bxc5 Bb6 25.Bxb6 Qxb6+ 26.Kh1 Qxd6 27.Rc6 Qb4 28.Bd3 Bxd3
29.Qxd3 Rfd8 30.Rd1 Ra5 31.d6 Rc5 32.Rxc5 Qxc5 33.h3 Qc6 34.Qb1 g6 35.Qb4 Kg7
36.Qd2 Rd7 37.Kh2 Qc4 38.Kh1 Qc5 39.Qd3 Kh7 40.Kh2 Qc6 41.Kg1 Qc5+ 42.Kh1 Qc6
43.Kg1 Qc5+ 44.Kf1 Kg7 45.Ke2 Qc6 46.Qd5 Qxd5 47.Rxd5 Kf6 48.Ra5 Rxd6 49.Rxa4 Rb6
50.h4 Rb2+ 51.Kf1 g5 52.hxg5+ Kxg5 53.Kg1 f5  1/2-1/2

[Event "Capablanca Mem Premier II"]
[Site "Havana CUB"]
[Date "2004.05.14"]
[Round "8"]
[White "Borriss,M"]
[Black "Rohl,J"]
[Result "1/2-1/2"]
[WhiteElo "2441"]
[BlackElo "2388"]

1.e4 c5 2.Nf3 d6 3.d4 cxd4 4.Nxd4 Nf6 5.Nc3 a6 6.Be3 e5 7.Nb3 Be6 8.f3 Be7
9.Qd2 O-O 10.O-O-O Qc7 11.g4 Rc8 12.g5 Nh5 13.Kb1 Nd7 14.Qf2 Qd8 15.h4 Rxc3
16.bxc3 Qc7 17.c4 a5 18.Nd2 b5 19.cxb5 Bxa2+ 20.Kb2 d5 21.c4 d4 22.Bxd4 exd4
23.Kxa2 Nc5 24.f4 Na4 25.Qxd4 Rd8 26.Qe3 Bb4 27.Be2 Nxf4 28.Nb1 Re8 29.Bf1 Ne6
30.h5 Qe5 31.Qb3 Nac5 32.Qc2 Nd4 33.Qb2 Ncb3 34.Nc3 Bxc3 35.Qxc3 Qc5 36.g6 fxg6
37.hxg6 Rf8 38.Rh2 a4 39.gxh7+ Kh8 40.Qd3 Qb4 41.e5 Qe7 42.Qe3 Rf3 43.Qe4 Nc1+
44.Kb1 Rb3+ 45.Rb2 Rxb2+ 46.Kxb2 Qb4+ 47.Kxc1 Qc3+ 48.Kb1 Qb3+ 49.Kc1 Qc3+
50.Kb1 Qb3+ 51.Kc1  1/2-1/2

[Event "Summer I"]
[Site "Alushta UKR"]
[Date "2004.05.15"]
[Round "4"]
[White "Pavlov,Ma"]
[Black "Taleb,M"]
[Result "0-1"]
[WhiteElo "2451"]
[BlackElo "2456"]

1.e4 c5 2.Nf3 d6 3.d4 cxd4 4.Nxd4 Nf6 5.Nc3 a6 6.Be3 e5 7.Nb3 Be6 8.f3 h5
9.Qd2 Nbd7 10.O-O-O b5 11.Kb1 Be7 12.f4 O-O 13.f5 Bc4 14.Bd3 Rc8 15.h3 d5
16.Nxd5 Bxd5 17.exd5 Nxd5 18.g4 Nxe3 19.Qxe3 h4 20.Qa7 Ra8 21.Qb7 Nc5 22.Nxc5 Bxc5
23.Bxb5 Bd4 24.c3 axb5 25.cxd4 exd4 26.Qxb5 Qd6 27.Rhe1 Rfb8 28.Qd3 Qd5 29.b3 Ra3
30.Qc2 Rba8 31.Re2 Rxa2 32.Qxa2 Rxa2 33.Kxa2 Qa5+ 34.Kb1 Qc3 35.Rb2 Qxh3
36.Rxd4 Qg3 37.Ka2 h3 38.Rd8+ Kh7 39.Rd1 Qxg4 40.Rh1 Qxf5 41.Rbh2 g5 42.Rxh3+ Kg7
43.Rh5 Qg6 44.Kb2 g4 45.Rc5 Qf6+ 46.Ka3 g3 47.Rhc1 Qe7 48.Kb4 g2 49.Rg1 Kf6
50.Kb5 Qe2+ 51.Kb4 Qf2 52.Rcc1 Kf5  0-1

[Event "Rapid Open"]
[Site "Cergy Pontoise FRA"]
[Date "2004.05.16"]
[Round "8"]
[White "Korneev,O"]
[Black "Draoui,N"]
[Result "1-0"]
[WhiteElo "2573"]
[BlackElo "2286"]

1.e4 c5 2.Nf3 d6 3.d4 cxd4 4.Nxd4 Nf6 5.Nc3 a6 6.Be3 e5 7.Nb3 Be6 8.f3 Nbd7
9.Qd2 b5 10.O-O-O Be7 11.g4 Nb6 12.Qf2 Nfd7 13.Kb1 Qc7 14.Nd5 Bxd5 15.exd5 Rb8
16.g5 Nc4 17.h4 Nxe3 18.Qxe3 Bd8 19.Bd3 Qb6 20.Qe4 a5 21.Rhe1 a4 22.Nd4 g6
23.Nc6 Rb7 24.f4 O-O 25.f5 Nb8 26.h5 Nxc6 27.dxc6 Rc7 28.hxg6 fxg6 29.fxg6 Qxc6
30.g7  1-0

[Event "Capablanca Mem Premier II"]
[Site "Havana CUB"]
[Date "2004.05.16"]
[Round "10"]
[White "Borriss,M"]
[Black "Abreu,A"]
[Result "1-0"]
[WhiteElo "2441"]
[BlackElo "2459"]

1.e4 c5 2.Nf3 d6 3.d4 cxd4 4.Nxd4 Nf6 5.Nc3 a6 6.Be3 e6 7.Be2 Nc6 8.O-O Be7
9.f4 O-O 10.Kh1 Qc7 11.a4 Re8 12.Bf3 Bd7 13.Nb3 b6 14.g4 Bc8 15.g5 Nd7 16.Bg2 Bb7
17.Rf3 Nb4 18.Rh3 g6 19.Rc1 Bf8 20.Qg4 f5 21.gxf6 Nxf6 22.Qe2 Bg7 23.Bf3 d5
24.e5 Ne4 25.Nd4 Nxc3 26.bxc3 Na2 27.Rg1 Nxc3 28.Qg2 Qf7 29.Rg3 Kh8 30.Bh5 Ne4
31.Rxg6 hxg6 32.Bxg6 Qf8 33.Qh3+ Bh6 34.Bxe4 dxe4 35.Rg6 Qf7 36.Rxh6+  1-0

[Event "29th Elekes Mem GM"]
[Site "Budapest HUN"]
[Date "2004.05.18"]
[Round "4"]
[White "Medvegy,N"]
[Black "Poulsen,Ma"]
[Result "0-1"]
[WhiteElo "2367"]
[BlackElo "2290"]

1.e4 c5 2.Nf3 d6 3.d4 cxd4 4.Nxd4 Nf6 5.Nc3 a6 6.Be3 e6 7.Qd2 b5 8.f3 Nbd7
9.O-O-O Bb7 10.g4 Nb6 11.g5 Nfd7 12.h4 b4 13.Nb1 d5 14.Qg2 e5 15.Nf5 g6 16.Nh6 d4
17.Bg1 Rc8 18.Nd2 Qc7 19.Nb3 Bxh6 20.gxh6 a5 21.Bh2 Nc4 22.Bxc4 Qxc4 23.Kb1 Qb5
24.h5 a4 25.Nc1 Nb6 26.Qg5 Nc4 27.Rxd4 Ba6 28.Rd5 Qc6 29.Bxe5 O-O 30.Qf6 Qxf6
31.Bxf6 Ne3 32.Rd2 Nf1 33.Rf2 Rc6 34.Be7 Rfc8 35.hxg6 Ne3 36.gxf7+ Kxf7 37.Bxb4 Nxc2
38.Bc3 Na3+ 39.Ka1 Nb5 40.Ne2 a3 41.Nd4 Nxd4 42.Rh5 axb2+ 43.Bxb2 Rb8 44.Rd2 Nc2+
45.Kb1 Na3+ 46.Ka1 Rc1+ 47.Bxc1 Rb1+  0-1

[Event "29th Elekes Mem GM"]
[Site "Budapest HUN"]
[Date "2004.05.18"]
[Round "4"]
[White "Fogarasi,T"]
[Black "Danner,G"]
[Result "0-1"]
[WhiteElo "2465"]
[BlackElo "2393"]

1.e4 c5 2.Nf3 d6 3.d4 cxd4 4.Nxd4 Nf6 5.Nc3 a6 6.Be3 e5 7.Nb3 Be6 8.f4 exf4
9.Bxf4 Be7 10.Qd2 Nc6 11.O-O-O Bxb3 12.cxb3 O-O 13.Bc4 b5 14.Bd5 Rc8 15.Kb1 Nb4
16.Qd4 Nbxd5 17.Nxd5 Nxd5 18.Qxd5 Qc7 19.Rd2 Rfd8 20.Rhd1 b4 21.g4 h6 22.g5 hxg5
23.Bxg5 Bxg5 24.Qxg5 Re8 25.Qd5 Re6 26.Rg2 Re5 27.Qxd6 Qxd6 28.Rxd6 Rxe4
29.a3 Re1+ 30.Ka2 Rcc1  0-1

[Event "TCh-SCG"]
[Site "Petrovac SCG"]
[Date "2004.05.19"]
[Round "4"]
[White "Pikula,D"]
[Black "Kovacevic,A"]
[Result "1-0"]
[WhiteElo "2523"]
[BlackElo "2559"]

1.e4 c5 2.Nf3 d6 3.d4 cxd4 4.Nxd4 Nf6 5.Nc3 a6 6.Be3 e5 7.Nb3 Be6 8.Qd2 Nbd7
9.f3 Be7 10.g4 O-O 11.O-O-O b5 12.g5 b4 13.Ne2 Ne8 14.Kb1 a5 15.h4 Nc7 16.f4 Bg4
17.f5 a4 18.Nbc1 Bf3 19.Rg1 Bxe4 20.f6 Nxf6 21.gxf6 Bxf6 22.Ng3 Bf3 23.Be2 Bxe2
24.Qxe2 Ne6 25.Nh5 Kh8 26.Nxf6 Qxf6 27.Rxd6 Qxh4 28.Qg2 Qf6 29.Qe4 Rab8 30.Rd5 a3
31.b3 Nc7 32.Rc5 Nb5 33.Ne2 Rfe8 34.Rc6 Qe7 35.Bg5 Qd7 36.Rh1 f5 37.Qh4 g6
38.Rxg6  1-0

[Event "TCh-SCG"]
[Site "Petrovac SCG"]
[Date "2004.05.20"]
[Round "5"]
[White "Civric,Z"]
[Black "Benderac,S"]
[Result "1/2-1/2"]
[WhiteElo "2175"]
[BlackElo "2307"]

1.e4 c5 2.Nf3 d6 3.d4 cxd4 4.Nxd4 Nf6 5.Nc3 a6 6.Be3 e5 7.Nf3 Qc7 8.a4 Be6
9.a5 Nbd7 10.Bg5 Rc8 11.Be2 Be7 12.O-O O-O 13.Nd2 Rfe8 14.Bf3 Bf8 15.Re1 h6
16.Bxf6 Nxf6 17.Nf1 Qd8 18.Ne3 Rc5 19.Na4 Rxa5 20.b4 Rb5 21.c3 d5 22.exd5 e4
23.dxe6 exf3 24.exf7+ Kxf7 25.Qxf3 Kg8 26.Red1 Qc8 27.Nd5 Nxd5 28.Rxd5 Qe6
29.Rdd1 Re5 30.g3 b5 31.Nb2 Rf5 32.Qd3 Qf6 33.Rxa6 Qf7 34.Rf1 Rf3 35.Qxb5 Rxc3
36.Rb6 Rd8 37.Na4 Rc2 38.Nc5 Rd1 39.Ne4 Rxf1+ 40.Qxf1 Qf3 41.Nc5 Qd5 42.Ra6 Qd2
43.Ra1 Qxb4 44.Nd3 Qd4 45.Rd1 Qe4 46.Re1 Qf5 47.Rc1 Rd2 48.Rd1 Rc2 49.Rc1 Rd2  1/2-1/2

[Event "22nd LIE-Open"]
[Site "Triesen LIE"]
[Date "2004.05.20"]
[Round "7"]
[White "Mijatovic,V"]
[Black "Joncic,D"]
[Result "1-0"]
[WhiteElo "2129"]
[BlackElo "2020"]

1.e4 c5 2.Nf3 d6 3.d4 cxd4 4.Nxd4 Nf6 5.Nc3 a6 6.Be3 e6 7.f3 b5 8.g4 Nfd7
9.Qd2 Nb6 10.Bd3 N8d7 11.O-O-O Ne5 12.f4 Nec4 13.Qe2 Qc7 14.Bf2 Bb7 15.f5 e5
16.Nf3 Rc8 17.Bxc4 Nxc4 18.Nd5 Bxd5 19.Rxd5 Qa5 20.Kb1 Nxb2 21.Kxb2 Qc3+
22.Kb1 Qb4+ 23.Kc1 Qa3+ 24.Kd1 Qxa2 25.Be3 b4 26.Rd3 Be7 27.h3 O-O 28.Rh2 d5
29.Bc1 dxe4 30.Qxe4 Rfd8 31.Rhd2 Rxd3 32.Qxd3 Qa5 33.Qd7 Qc5 34.Qd5 Qxd5
35.Rxd5 f6 36.Bd2 Ra8 37.Ra5 Kf7 38.Ne1 Bd8 39.Ra4 Be7 40.Nd3 a5 41.Nxb4 Bxb4
42.Bxb4 Rd8+ 43.Bd2 h5 44.Ke2 hxg4 45.hxg4 Rc8 46.c4 g6 47.Bxa5 gxf5 48.gxf5 Rh8
49.c5 Rh2+ 50.Kd3 Rf2 51.c6 Ke8 52.Rc4  1-0

[Event "TCh-SCG"]
[Site "Petrovac SCG"]
[Date "2004.05.21"]
[Round "6"]
[White "Perunovic,Mil"]
[Black "Popovic,Pe"]
[Result "0-1"]
[WhiteElo "2557"]
[BlackElo "2502"]

1.e4 c5 2.Nf3 d6 3.d4 cxd4 4.Nxd4 Nf6 5.Nc3 a6 6.Be3 e5 7.Nf3 Be7 8.Bc4 O-O
9.O-O Be6 10.Bb3 Re8 11.Qe2 Nbd7 12.Rfd1 Rc8 13.h3 Qc7 14.Ng5 Bc4 15.Qe1 b5
16.a3 Qb7 17.Nd5 Nxd5 18.exd5 Bxb3 19.cxb3 Nf6 20.Qd2 h6 21.Nf3 Rc7 22.a4 Rec8
23.Ne1 bxa4 24.Rxa4 Bf8 25.Ra3 Rb8 26.f3 Qc8 27.Rda1 Rb5 28.Rxa6 Rcb7 29.Rc1 Qe8
30.Bf2 Rxd5 31.Qc2 Rdb5 32.Qc8 Qxc8 33.Rxc8 Rb8 34.Rxb8 Rxb8 35.Rb6 Rc8 36.Kf1 d5
37.Ke2 Bc5 38.Bxc5 Rxc5 39.Kd2 e4 40.Nc2 exf3 41.gxf3 Nd7 42.Rd6 Ne5 43.Nd4 h5
44.Rd8+ Kh7 45.f4 Ng6 46.Ke3 Rc1 47.f5 Ne5 48.Rxd5 f6 49.Kd2 Rh1 50.b4 Rxh3
51.b5 h4 52.Ne6 Nc4+ 53.Ke2 Rh2+ 54.Kd3 Rd2+ 55.Kxc4 Rxd5 56.b6 Rd6  0-1

[Event "29th Elekes Mem GM"]
[Site "Budapest HUN"]
[Date "2004.05.22"]
[Round "8"]
[White "Medvegy,Z"]
[Black "Fogarasi,T"]
[Result "1/2-1/2"]
[WhiteElo "2455"]
[BlackElo "2465"]

1.e4 c5 2.Nf3 d6 3.d4 cxd4 4.Nxd4 Nf6 5.Nc3 a6 6.Be3 e5 7.Nb3 Be6 8.Qd2 Be7
9.f3 O-O 10.O-O-O Nbd7 11.g4 Qc7 12.Kb1 b5 13.g5 Nh5 14.Nd5 Bxd5 15.exd5 Nb6
16.Rg1 Rfc8 17.Na5 Nxd5 18.Qxd5 Qxa5 19.Bh3 Re8 20.Bd7 Red8 21.Bg4 Nf4 22.Bxf4 exf4
23.Be6 fxe6 24.Qxe6+ Kf8 25.Qf5+ Kg8  1/2-1/2

[Event "XII Guillermo Garcia Prem II"]
[Site "Santa Clara CUB"]
[Date "2004.05.22"]
[Round "2"]
[White "Perez,Rod"]
[Black "Lopez Martinez,J"]
[Result "1/2-1/2"]
[WhiteElo "2451"]
[BlackElo "2440"]

1.e4 c5 2.Nf3 d6 3.d4 cxd4 4.Nxd4 Nf6 5.Nc3 a6 6.Be3 e5 7.Nb3 Be6 8.f3 Be7
9.Qd2 O-O 10.O-O-O Qc7 11.Kb1 Nbd7 12.f4 b5 13.Nd5 Bxd5 14.exd5 Rac8 15.g3 Nb6
16.fxe5 Nfxd5 17.Bxb6 Nxb6 18.e6 Bf6 19.c3 Be5 20.Nd4 Rce8 21.exf7+ Rxf7
22.Bg2 Kh8 23.Rhe1 Qc8 24.Nc6 Nc4 25.Qc2 Rc7 26.Nxe5 dxe5 27.Qb3 Rf8 28.Re2 Rd8
29.a3 Rcd7 30.Rxd7 Qxd7 31.Qc2 g6 32.Be4 Qd6 33.Ka2 a5 34.Qc1 a4 35.Qg5 Rf8
36.Bc2 Rf1 37.Qg4 Qc5 38.Qe6 Qg1 39.Qe8+ Kg7 40.Qe7+ Rf7 41.Qb4 Rf1 42.Qe7+ Kh6
43.Qh4+ Kg7  1/2-1/2

[Event "XII Guillermo Garcia Prem I"]
[Site "Santa Clara CUB"]
[Date "2004.05.22"]
[Round "2"]
[White "Quezada,Y"]
[Black "Lafuente,P"]
[Result "1-0"]
[WhiteElo "2478"]
[BlackElo "2433"]

1.e4 c5 2.Nf3 d6 3.d4 cxd4 4.Nxd4 Nf6 5.Nc3 a6 6.Be3 e5 7.Nb3 Be7 8.f3 Be6
9.Qd2 O-O 10.O-O-O Qc7 11.g4 Rc8 12.g5 Nh5 13.Nd5 Bxd5 14.exd5 a5 15.Bh3 Nd7
16.Qd3 Rd8 17.Bg4 a4 18.Nd2 Nc5 19.Qc3 Nf4 20.Bxf4 exf4 21.h4 b5 22.a3 Qa7
23.Rhe1 Rab8 24.Ne4 Bf8 25.Rd4 Nxe4 26.Rdxe4 g6 27.Rxf4 b4 28.axb4 Bg7 29.Qe3 Qb7
30.Qd3 Re8 31.Rfe4 Rxe4 32.Rxe4 Qa7 33.Kb1 Qg1+ 34.Ka2 Qc1 35.c3 a3 36.Kxa3 Bxc3
37.Qxc3 Qd1 38.Qc6 Kg7 39.Ka2 h5 40.Be6 Qxf3 41.Qc3+  1-0

[Event "XII Guillermo Garcia Prem I"]
[Site "Santa Clara CUB"]
[Date "2004.05.24"]
[Round "4"]
[White "Rodriguez Guerrero,E"]
[Black "Lafuente,P"]
[Result "1/2-1/2"]
[WhiteElo "2407"]
[BlackElo "2433"]

1.e4 c5 2.Nf3 d6 3.d4 cxd4 4.Nxd4 Nf6 5.Nc3 a6 6.Be3 e5 7.Nb3 Be7 8.f3 Be6
9.Qd2 O-O 10.O-O-O Qc7 11.g4 Nbd7 12.Qf2 b5 13.g5 Nh5 14.h4 Rfb8 15.Bh3 b4
16.Nd5 Bxd5 17.exd5 a5 18.Kb1 a4 19.Nc1 a3 20.b3 Nb6 21.Rd3 Bf8 22.Ne2 Ra5
23.Rhd1 g6 24.Bg4 Nf4 25.Bxf4 exf4 26.Nxf4 Bg7 27.Qd2 Rc5 28.Ne2 Re8 29.f4 Bh8
30.h5 gxh5 31.Bxh5 Rc8 32.c4 bxc3 33.Qc2 Nc4 34.Bg4 Nd2+ 35.Ka1 Re8 36.Rh1 Re4
37.Ng3 Qe7 38.Re3 Rxd5 39.Bf3 Rdd4 40.Nf5 Rxe3 41.Nxe7+ Kf8 42.Qxh7 Kxe7
43.Qxh8 Nxf3 44.Qf6+ Kd7 45.Rc1 Re1 46.Qxf7+ Kd8 47.Qg8+ Kd7 48.Qf7+ Kd8
49.Qf6+ Kd7 50.Kb1 c2+ 51.Kxc2 Rd2+ 52.Kc3 Rxc1+ 53.Kb4 Rg1 54.Qf7+ Kd8 55.Kxa3 Nd4
56.g6 Nc6 57.f5 Rdg2 58.Qb7 Ne5 59.Qg7 Rg4 60.Qf8+ Kd7 61.Qg7+ Kd8 62.Qb7 R1g3
63.Qb8+ Kd7 64.Qb7+ Kd8 65.Qb8+ Kd7 66.Qb7+ Kd8  1/2-1/2

[Event "XII Guillermo Garcia Prem I"]
[Site "Santa Clara CUB"]
[Date "2004.05.28"]
[Round "8"]
[White "Otero,D"]
[Black "Lafuente,P"]
[Result "1/2-1/2"]
[WhiteElo "2399"]
[BlackElo "2433"]

1.e4 c5 2.Nf3 d6 3.d4 cxd4 4.Nxd4 Nf6 5.Nc3 a6 6.Be3 e5 7.Nb3 Be7 8.f3 Be6
9.Qd2 O-O 10.O-O-O Qc7 11.Kb1 Rc8 12.g4 Nbd7 13.g5 Nh5 14.Nd5 Bxd5 15.exd5 Nb6
16.Rg1 a5 17.a3 g6 18.Rg4 a4 19.Nc5 Bf8 20.Ne4 Bg7 21.c4 Nd7 22.Rh4 b6 23.Bh3 Rcb8
24.Bg4 f5 25.gxf6 Ndxf6 26.Be6+ Kh8 27.Ng5 Rf8 28.Qd3 Qe7 29.Rg1 Ra7 30.Rh3 Bh6
31.Nf7+ Rxf7 32.Bxh6 Rf8 33.Bxf8 Qxf8 34.Qe3 Qd8 35.Qg5 Qf8 36.Qe3 Qd8 37.Qg5  1/2-1/2

[Event "XII Guillermo Garcia Prem II"]
[Site "Santa Clara CUB"]
[Date "2004.05.29"]
[Round "9"]
[White "Gonzalez,Y"]
[Black "Abreu,A"]
[Result "1/2-1/2"]
[WhiteElo "2481"]
[BlackElo "2459"]

1.e4 c5 2.Nf3 d6 3.d4 cxd4 4.Nxd4 Nf6 5.Nc3 a6 6.Be3 e5 7.Nb3 Be7 8.f3 Be6
9.Qd2 O-O 10.O-O-O a5 11.a4 Nc6 12.Kb1 Nb4 13.g4 d5 14.g5 Nxe4 15.fxe4 d4
16.Nxd4 exd4 17.Bxd4 Bg4 18.Be2 Bxg5 19.Qe1 Bxe2 20.Qxe2 Qe7 21.Rhg1 f6 22.e5 fxe5
23.Bxe5 Bf6 24.Qc4+ Kh8 25.Ne4 Qf7  1/2-1/2

[Event "TCh-BIH"]
[Site "Neum BIH"]
[Date "2004.05.31"]
[Round "3"]
[White "Perunovic,Mil"]
[Black "Ilincic,Z"]
[Result "1/2-1/2"]
[WhiteElo "2557"]
[BlackElo "2538"]

1.e4 c5 2.Nf3 d6 3.d4 cxd4 4.Nxd4 Nf6 5.Nc3 a6 6.Be3 e6 7.g4 h6 8.f3 b5 9.Qd2 b4
10.Na4 d5 11.e5 Nfd7 12.f4 Bb7 13.Bg2 Nc6 14.O-O Nxd4 15.Bxd4 Bc6 16.b3 Bxa4
17.bxa4 Bc5 18.Bxc5 Nxc5 19.f5 Qb6 20.a5 Qxa5 21.fxe6 Nxe6 22.Bxd5 Qc5+ 23.Qf2 Qxf2+
24.Rxf2 Rd8 25.Bxe6 fxe6 26.a3 bxa3 27.Rxa3 Rf8 28.Rxa6 Rxf2 29.Kxf2 Rd2+
30.Kg3 Rxc2 31.Rxe6+ Kf7 32.Ra6 Re2 33.Ra7+ Kf8 34.Kf4 Rxh2 35.Kf5 Rb2 36.Ra8+ Ke7
37.Rg8 Kf7 38.Rd8  1/2-1/2

[Event "TCh-BIH"]
[Site "Neum BIH"]
[Date "2004.06.01"]
[Round "4"]
[White "Pikula,D"]
[Black "Ruck,R"]
[Result "1/2-1/2"]
[WhiteElo "2523"]
[BlackElo "2556"]

1.e4 c5 2.Nf3 d6 3.d4 cxd4 4.Nxd4 Nf6 5.Nc3 a6 6.Be3 Ng4 7.Bg5 h6 8.Bh4 g5
9.Bg3 Bg7 10.h3 Nf6 11.Bc4 Qb6 12.O-O Qxb2 13.Qd3 Qa3 14.Rad1 Bd7 15.Rfe1 e5
16.Nf5 Bxf5 17.exf5 O-O 18.Bb3 Nc6 19.Ne4 d5 20.Nxf6+ Bxf6 21.Qxd5 Rad8 22.Qf3 Kg7
23.c3 Rxd1 24.Rxd1 Rd8 25.Rb1 Rd7 26.h4 Qc5 27.hxg5 hxg5 28.Re1 Na5 29.Re4 Nxb3
30.axb3 Qd5 31.c4 Qd1+ 32.Qxd1 Rxd1+ 33.Kh2 Rd3 34.b4 Rd4 35.f3 Rxe4 36.fxe4 Kh6
37.Kh3 Be7 38.b5 axb5 39.cxb5 f6 40.Kg4 Kg7 41.Kf3 Kf7 42.Ke3 Bc5+ 43.Kd3 Ke7
44.Kc4 Kd6 45.Be1 Be3 46.Ba5 Kd7 47.Kd5 Bd4 48.Bb4 Bf2 49.Ba3 Bd4 50.Bc5 Bc3
51.Be3 Bb2 52.Kc4 Ba3 53.Kb3 Be7 54.Ka4 Bd6 55.Ka5 Kc7 56.Bb6+ Kd7 57.Ka4 Be7
58.Kb3 Bd6 59.Kc4 Ba3 60.Be3 Kd6 61.Bb6 Kd7 62.Bf2 Kd6 63.Be3 Kd7 64.Bd2 Bd6
65.Bb4 Bxb4 66.Kxb4 b6 67.Kc4 Kd6  1/2-1/2

[Event "TCh-BIH"]
[Site "Neum BIH"]
[Date "2004.06.03"]
[Round "6"]
[White "Pikula,D"]
[Black "Ilincic,Z"]
[Result "0-1"]
[WhiteElo "2523"]
[BlackElo "2538"]

1.e4 c5 2.Nf3 d6 3.d4 cxd4 4.Nxd4 Nf6 5.Nc3 a6 6.Be3 e6 7.g4 h6 8.Bg2 Nc6
9.h3 Ne5 10.Qe2 g5 11.f4 gxf4 12.Bxf4 Qc7 13.O-O-O Bd7 14.Qf2 Be7 15.Nf3 Bc6
16.Nxe5 dxe5 17.Be3 Nd7 18.Rhf1 f6 19.Rd3 Bb5 20.Nxb5 axb5 21.a3 b4 22.axb4 Bxb4
23.c3 Bc5 24.Kb1 Bxe3 25.Qxe3 Qc4 26.Rfd1 Nc5 27.R3d2 b6 28.Bf1 Qa2+ 29.Kc2 Qb3+
30.Kb1 Ra2 31.h4 Kf7 32.Rd7+ Nxd7 33.Rxd7+ Ke8 34.Rd2 Ke7 35.Bd3 Rha8 36.Kc1 Ra1+
37.Bb1 Qc4 38.Kc2 R8a4 39.Re2 Rb4 40.Kc1 Rba4 41.Qxb6 Ra7 42.Qe3 Rd7 43.Kc2 Qa4+
44.b3 Ra2+ 45.Bxa2 Qxa2+ 46.Kc1 Qxb3 47.Qc5+ Kf7 48.Rc2 Qa4 49.Rf2 Qxe4 50.g5 hxg5
51.hxg5 Qe1+ 52.Kb2 Rb7+ 53.Ka3 Qc1+  0-1

[Event "3rd ACP Blitz Prelim4"]
[Site "playchess.com INT"]
[Date "2004.06.03"]
[Round "2"]
[White "Berg,E"]
[Black "Mecking,H"]
[Result "1-0"]
[WhiteElo "2495"]
[BlackElo "2555"]

1.e4 c5 2.Nf3 d6 3.d4 cxd4 4.Nxd4 Nf6 5.Nc3 a6 6.Be3 e5 7.Nb3 Be7 8.f3 Be6
9.Qd2 Nbd7 10.O-O-O b5 11.g4 O-O 12.g5 b4 13.Ne2 Nh5 14.Kb1 a5 15.Nbc1 Nb6
16.Ng3 Nf4 17.h4 d5 18.Bxf4 exf4 19.Qxf4 Qb8 20.e5 Nd7 21.Nf5 Re8 22.Nxe7+ Rxe7
23.Nd3 Qb6 24.h5 a4 25.Qxb4 Qxb4 26.Nxb4 Nxe5 27.f4 Ng4 28.Re1 a3 29.b3 Nf2
30.Rh2 Ne4 31.Bd3 Nc3+ 32.Kc1 Rb7 33.Kd2 Rxb4 34.Kxc3 Rxf4 35.g6 h6 36.Rhe2 Rc8+
37.Kd2 Kf8 38.Re5 Rf2+ 39.Ke3 Rf6 40.gxf7 Bxf7 41.Re2 Re8 42.Kd4 Rxe5 43.Rxe5 Rf4+
44.Kc5 Rh4 45.Bg6 Bxg6 46.hxg6 Rh2 47.Rf5+ Ke8 48.Re5+ Kf8 49.Kb4 Rxc2 50.Kxa3 Rc6
51.Rf5+ Ke8 52.Re5+  1-0

[Event "1st Asean IM"]
[Site "Bangkok THA"]
[Date "2004.06.04"]
[Round "2"]
[White "Yeo Min Yang,E"]
[Black "Maninang,R"]
[Result "1-0"]
[WhiteElo "2246"]
[BlackElo "2288"]

1.e4 c5 2.Nf3 d6 3.d4 cxd4 4.Nxd4 Nf6 5.Nc3 a6 6.Be3 b5 7.a4 b4 8.Nd5 Bb7
9.Nb3 Nbd7 10.a5 Nxe4 11.Bb6 Nxb6 12.axb6 e6 13.Nc7+ Ke7 14.Nxa8 Bxa8 15.Qd4 Nc5
16.Qxb4 Kf6 17.Nxc5 dxc5 18.Qf4+ Kg6 19.Bxa6 Qd5 20.Bd3+ f5 21.Bc4 Qxg2 22.O-O-O Be7
23.Kb1 Qe4 24.Rhg1+ Kf7 25.Qc7 Re8 26.Bb5  1-0

[Event "TCh-BIH"]
[Site "Neum BIH"]
[Date "2004.06.04"]
[Round "7"]
[White "Perunovic,Mil"]
[Black "Kovacevic,A"]
[Result "1-0"]
[WhiteElo "2557"]
[BlackElo "2559"]

1.e4 c5 2.Nf3 d6 3.d4 cxd4 4.Nxd4 Nf6 5.Nc3 a6 6.Be3 Nc6 7.f3 e6 8.Qd2 Be7
9.O-O-O O-O 10.g4 Nxd4 11.Bxd4 b5 12.g5 Nd7 13.h4 Qc7 14.Kb1 b4 15.Na4 Bb7
16.Qxb4 Bc6 17.Nc3 Rfb8 18.Qc4 Ne5 19.Qe2 Bb5 20.Nxb5 axb5 21.Qe3 Nc4 22.Qb3 d5
23.exd5 exd5 24.g6 hxg6 25.h5 Bc5 26.Bxc5 Qxc5 27.hxg6 d4 28.gxf7+ Kxf7 29.Rh4 Re8
30.Bxc4+  1-0